Estudios sobre Gabriela Mistral: precedidos de una biografía

Guardat en:
Dades bibliogràfiques
Autor principal: Silva Castro, Raúl (Autor)
Format: Llibre
Idioma:espanyol
Publicat: Santiago Zig-Zag 1935
Matèries:
Etiquetes: Afegir etiqueta
Sense etiquetes, Sigues el primer a etiquetar aquest registre!

MARC

LEADER 00000nam a2200000 a 4500
001 UCX5465
003 CL-VaPUC
005 20241016095655.0
008 921118e19350000CL |||||||||||||||||spa|d
999 |c 225706  |d 225704 
040 |c Pontificia Universidad Católica de Valparaíso 
082 0 4 |a Ch861.09  |b SIL  |2 21 
100 0 |a Silva Castro, Raúl  |e author  |9 321749 
245 1 0 |a Estudios sobre Gabriela Mistral: precedidos de una biografía 
260 |a Santiago  |b Zig-Zag  |c 1935 
300 |a 253 p 
583 |a last modification  |c 19921118 00:00:00  |k Rodrigo Vera 
600 0 |a Mistral, Gabriela,  |d 1889-1957  |e autora  |q Godoy Alcayaga, Lucila  |9 866296 
650 0 |a Crítica e interpretación   |9 255042 
942 |c BK  |2 ddc 
945 |d 19921118 00:00:00 
952 |0 0  |1 0  |4 0  |6 CH_861_090000000000000_SIL_1935  |7 0  |8 A  |9 223457  |a BIBEDU  |b BIBEDU  |d 2019-11-15  |i 2922827  |o Ch861.09 SIL 1935  |p 2922827  |r 2019-11-15  |w 2019-11-15  |y BK  |k LIT 
952 |0 0  |1 0  |4 0  |6 CH_861_090000000000000_SIL_1935  |7 0  |8 A  |9 223458  |a BIBEDU  |b BIBEDU  |d 2019-11-15  |i 3254429  |o Ch861.09 SIL 1935  |p 3254429  |r 2019-11-15  |w 2019-11-15  |y BK  |k LIT